| 000 | 00911cab a2200217 4500 | ||
|---|---|---|---|
| 001 | WB3506-40 | ||
| 008 | 090401t1999 xxu||||| |||| 00| 0 eng d | ||
| 035 | _a(Sirsi) u91257 | ||
| 041 | _aeng | ||
| 245 | _aLiberty for leaseholders | ||
| 260 | _c1999 | ||
| 350 | _a0 | ||
| 490 |
_aIndependent _v10 February 1999, R11(1) |
||
| 520 | _aTwo leaseholders in a block of flats in Notting Hill have recently won the right to appoint their own manager limiting the rights of the freeholder to that of receiving ground rent. Outlines suggestions put forward by chartered surveyor Bruce Maunder Taylor for a standard detailed written contract of management practice for all leaseholders. | ||
| 650 | _aAPPOINTMENT OF A PROPERTY MANAGER | ||
| 650 | _aLEASEHOLD ENFRANCHISEMENT | ||
| 650 | _aWRITTEN MANAGEMENT CONTRACTS | ||
| 690 | _aLANDLORD AND TENANT-LEASEHOLD REFORM | ||
| 942 | _n0 | ||
| 948 | _c11/02/1999 | ||
| 999 |
_c57911 _d57911 |
||